Counseling techniques

Enregistré dans:
Détails bibliographiques
Auteur principal: Paráková, Romana
Format: Chapitre de livre
Langue:anglais
Sujets:
Tags: Ajouter un tag
Pas de tags, Soyez le premier à ajouter un tag!

MARC

LEADER 00000nla a2200000 4500
001 0169819
005 20240502072937.3
041 0 |a eng 
044 |a SK 
245 1 0 |a Counseling techniques  |c Romana Paráková 
610 2 0 |a metódy riadenia 
610 2 0 |a benchmarking 
610 2 0 |a audit 
610 2 0 |a marketing 
610 2 0 |a metóda BSC 
100 1 |a Paráková, Romana